000 01773nam a2200349 a 4500
999 _c181171
_d181171
003 BLK
005 20250718142018.0
008 180411b bul|||||r ||||||| ||bul||
010 _aKNG00190064000
020 _a978-619-151-090-0
040 _aBLK
041 _aBUL
_cBUL
072 7 _2bullib
_aН83
_xЧужда художествена литература Н
080 _aКласическа гръцка литература. Старогръцка литература
_b821.142
_x-91-34
_z821.142-91-34
139 _aСтарогръцки легенди и митове
_bС 71
245 1 0 _aСтарогръцки легенди и митове
_bПреразказани за ученици по Николай Кун
_c* Николай Албертович Кун; подб. и лит. обраб. Христина Ценкова Йотова.
257 _aDRG
260 _aСофия
_bСофтПрес
_c2013
_fДобрич : ФолиАрт
300 _a112 с.
_bс ил.
_c24 см
380 _aX
500 _aОриг. загл. Легенды и мифы древней Греции / Н. А. Кун. - 1. изд. 1960 на изд. Наука и изкуство. - Името на адапт. отбелязано на гърба на загл. с.
653 _aдревногръцки митове
653 _aантична митология
653 _aадаптирани книги
700 _aКун, Николай Албертович
_d1877 - 1940
_9243319
700 1 _aЙотова, Христина Ценкова
_974412
852 _aЦб 282088
_bЦб
856 4 _qpdf
_i0.00
_ldisable
856 4 _qpdf
_i0.00
_ldisable
942 _cKNG
_n0
_083
_s1
944 _aCR
_c24.08.2016
_lМартин Енчев
_k30575